Mumford and Sons- Little Lion Man Lyrics - Statistics

General Stats
  • This quiz has been taken 154 times
  • The average score is 14 of 17
Answer Stats
Lyric Answer % Correct
didnt I my dear
97%
i really F***d it up this time
97%
and it was your heart on the line
96%
that you made in your own head
92%
Weep little lion man, You're not as brave as you were at the start
92%
Wasted on fixing all the problems
91%
but it was not your fault but mine
90%
but it was not your fault
88%
didnt I my dear didnt I
87%
Rate yourself and rake yourself, Take all the courage you have left
85%
but mine, I really fucked it up this time
84%
Weep for yourself, my man,you will never be what is in your heart
84%
tremble little lion man
82%
you'll nevers settle any of your scores
77%
now learn from your mother or else spend your days biting your own neck
72%
tremble for your yourself my man you know that you have seen this all before
64%
your grace is wasted in your face, your boldness stands alone among the wreck
55%
No matching quizzes found
Score Distribution
Percent of People with Each Score
Percentile by Number Answered
Your Score History
You have not taken this quiz